Loading...
| Current Events | 1 | 20.00 | 100% | 100% | 0% |
| Fine Arts - Auditory | 2 | 5.00 | 50% | 0% | 0% |
| Fine Arts - Other | 2 | 10.00 | 100% | 0% | 0% |
| Fine Arts - Visual | 4 | 5.00 | 50% | 0% | 0% |
| Geography | 6 | 10.00 | 83% | 0% | 17% |
| History - Ancient | 1 | 10.00 | 100% | 0% | 0% |
| History - European | 2 | 15.00 | 100% | 50% | 0% |
| History - World | 3 | 10.00 | 100% | 0% | 0% |
| Literature - American | 2 | 10.00 | 100% | 0% | 0% |
| Literature - British | 4 | 10.00 | 100% | 0% | 0% |
| Literature - European | 1 | 10.00 | 100% | 0% | 0% |
| Literature - World | 2 | 15.00 | 100% | 50% | 0% |
| Mythology | 1 | 20.00 | 100% | 100% | 0% |
| Other Academic | 1 | 10.00 | 100% | 0% | 0% |
| Philosophy | 3 | 10.00 | 67% | 33% | 0% |
| Religion | 2 | 5.00 | 50% | 0% | 0% |
| Science - Biology | 1 | 10.00 | 100% | 0% | 0% |
| Science - Chemistry | 3 | 10.00 | 67% | 33% | 0% |
| Science - Other | 5 | 10.00 | 80% | 20% | 0% |
| Science - Physics | 1 | 20.00 | 100% | 100% | 0% |
| Social Science | 2 | 5.00 | 50% | 0% | 0% |